000 00505nam a2200253Ia 4500
001 067690
003 YMCAF
005 20230512160444.0
008 100717s9999 ||||||||||||||||| ||und|d
020 _a-
024 _a67690
035 _a7153
040 _aYMCAF
_beng
_cIN-KoLT
041 _aeng
082 _a621.388
_bDHA
100 _aDHAKE, A N
245 0 _aTELEVISION ENGINEERING
250 _a-
260 _bTMH
_c-
300 _a462
653 _a-
653 _a-
942 _2ddc
_cBK
999 _c4630
_d4630